000 00403nam a2200157Ia 4500
008 230312s9999||||xx |||||||||||||| ||und||
020 _a0-470-83300-9
082 _a658.4095
_bLOG-C
100 _aRobert K. Logan
245 0 _aCollaborate to Compete
260 _bWiley
_aCanada
_c2004
300 _a291
546 _aEng.
650 _aComputer
_vIntroduction : Drawing of a New Era :
942 _cBK
999 _c324
_d324